000 00484nam a22001937a 4500
003 MPLRDC
005 20220104113615.0
008 210129b ||||| |||| 00| 0 eng d
020 _a7-5347-3519-X
082 _a859.61 YSF
100 _a于淑芬 主编、刘安利 绘
245 _a上下五千年
_c
250 _a一版二刷
260 _a中国
_b大象出版社
_c2004
300 _b223
490 _a大象成长系列
650 _a儿童文学
942 _cBK
_o859.61 YSF
999 _c949
_d939